LEADER 02096nam a2200301 i 4500 001 000000227109 003 CaOOAMICUS 005 20210426102530.0 008 140214s1634 fr u000 u fre u 013 $a206011 026 $aurca est, isur sure (7) 1628 (A) 040 $aSeMil$bita 100 1 $aFrançois : de Sales,$c.$0(OLS)http://semarc/name/1031 245 14$aLes epistres spirituelles du bien-heureux François de Sales, d'heureuse et saincte memoire, euesque & prince de Geneue ... .Dividées en sept livres...Recueillies par Messire Louys de Sales,.. 250 $a[Quatriesme edition revueüe corrigée & augmentée] 260 $aA Lyon :$bPour Vincent de Coeursilly, en ruë Tupin, à l'enseigne de la fleur de lys,$c[1634] 300 $a[6], 1234 [i.e. 1214] p. ;$c4º. 500 $aSaltate nella num. le p. 9-16. - Il nome del traduttore, Louys de Sales a c. A3v. (erron. segnata A5). - Manca il front. generale. - Per il titolo completo, la data e l'Editore, cfr. Abes (anche se in questa nostra opera mancano le 40 p. in fine). - Testate, iniz. e finalini xilogr. - Segn.: pg2(-pg2) A4(-A4) B-7T4 7T4 7V4(-7V4). - Numerosi errori nella paginazione. - Fondo Card. C.M. Martini 650 4$aFrancesco : di Sales - Lettere e carteggi.$0(OLS)http://semarc/subject/413 700 1 $aSales, Louis : de,$d<1564-1625>.$0(OLS)http://semarc/name/78755 700 1 $aCoeursilly, Vincent : de .$0(OLS)http://semarc/name/78756 850 $aSeMil 852 $aSeMil$W1$xVenegono$y1$m2C III 33 FA$j177455$B177455$CSeMilBibl$Z2$F188308 $8I 941 1 $a4 961 $aOmaggio: Martini Card. Carlo Maria 996 $6245$aLes epistres spirituelles du bien-heureux François de Sales, d'heureuse et saincte memoire, euesque & prince de Geneue ... .Dividées en sept livres...Recueillies par Messire Louys de Sales,..$9(OLS)http://semarc/title/325107 996 $6260$aA Lyon :$bPour Vincent de Coeursilly, en ruë Tupin, à l'enseigne de la fleur de lys$9(OLS)http://semarc/publisher/53563 LEADER 00827nam a2200205 i 4500 001 000000189187 003 CaOOAMICUS 005 20100504000000.0 008 100504s1914 it u000 u ita u 013 $a167442 040 $aSeMil$bita 100 1 $aMinocchi, Salvatore,$d<1869-1943>.$0(OLS)http://semarc/name/10945 245 13$aIl Panteon :$borigini del cristianesimo /$cSalvatore Minocchi. 260 $aFirenze :$bSucc. B. Seeber,$c1914. 300 $aIV, 406 p. ;$c22 cm. 650 4$aCristianesimo - Origini.$0(OLS)http://semarc/subject/1287 850 $aSeMil 852 $aSeMil$W1$xVenegono$y1$m2X IV 254$j139819$B139819$CSeMilBibl$Z2$F151418 $81 996 $6245$aIl Panteon :$borigini del cristianesimo$9(OLS)http://semarc/title/272403 996 $6260$aFirenze :$bSucc. B. Seeber$9(OLS)http://semarc/publisher/50127